[Event "Montreal op"]
[Site "Montreal"]
[Date "2019.09.08"]
[Round "4"]
[White "Allard, Laurent"]
[Black "Leveille, Francois"]
[Result "1/2-1/2"]
[WhiteElo "2039"]
[BlackElo "2231"]
[PlyCount "107"]
[EventDate "2019.09.06"]
[EventType "swiss"]
[EventRounds "5"]
[EventCountry "CAN"]
[SourceTitle "EXT 2020"]
[Source "ChessBase"]
[SourceDate "2019.10.17"]
[SourceVersion "1"]
[SourceVersionDate "2019.10.17"]
[SourceQuality "1"]

1. e4 Nf6 2. e5 Nd5 3. c4 Nb6 4. d4 d6 5. exd6 cxd6 6. Nc3 g6 7. Be3 Bg7 8. Rc1 Nc6 9. b3 0-0 10. d5 Ne5 11. Be2 Ned7 12. Nf3 Nf6 13. 0-0 Bg4 14. h3 Bxf3 15. Bxf3 Nbd7 16. b4 a5 17. a3 axb4 18. axb4 b6 19. Qb3 Qb8 20. Nb5 Ra6 21. Bd4 Ne5 22. Be2 Rc8 23. f4 Ned7 24. Qb2 e5 25. dxe6 fxe6 26. Bg4 e5 27. Be6+ Kh8 28. fxe5 dxe5 29. Bc3 Re8 30. Rxf6 Nxf6 31. Bxe5 Ra2 32. Qd4 Qb7 33. Bd5 Nxd5 34. Bxg7+ Qxg7 35. Qxd5 Qe5 36. Qxe5+ Rxe5 37. Nd4 Re4 38. Nf3 Ra4 39. c5 bxc5 40. Rxc5 Raxb4 41. Rc7 h6 42. Kf2 Rb2+ 43. Kg3 Ree2 44. Nh4 g5 45. Ng6+ Kg8 46. Kg4 Rb6 47. Kh5 Ree6 48. Ne7+ Kf8 49. Nf5 Rf6 50. g4 Rb3 51. Rc8+ Kf7 52. Nxh6+ Rxh6+ 53. Kxh6 Rxh3+ 54. Kxg5 1/2-1/2

[Event "Montreal op"]
[Site "Montreal"]
[Date "2019.09.06"]
[Round "1"]
[White "Leveille, Francois"]
[Black "Both, Aaron"]
[Result "0-1"]
[WhiteElo "2231"]
[BlackElo "1979"]
[PlyCount "70"]
[EventDate "2019.09.06"]
[EventType "swiss"]
[EventRounds "5"]
[EventCountry "CAN"]
[SourceTitle "EXT 2020"]
[Source "ChessBase"]
[SourceDate "2019.10.17"]
[SourceVersion "1"]
[SourceVersionDate "2019.10.17"]
[SourceQuality "1"]

1. Nf3 c5 2. e4 e6 3. d4 cxd4 4. Nxd4 a6 5. Bd3 Qc7 6. 0-0 Nf6 7. Qe2 d6 8. c4 g6 9. b3 Bg7 10. Bb2 b6 11. Nc3 Bb7 12. Rac1 Nbd7 13. Kh1 h5 14. f4 Ng4 15. Ncb5 Qb8 16. Nxe6 fxe6 17. Bxg7 Rg8 18. e5 axb5 19. Bxg6+ Ke7 20. Bxh5 Rxg7 21. Bxg4 dxe5 22. cxb5 Nf6 23. Bh3 e4 24. a4 Bd5 25. Rc3 Ra7 26. Qc2 Qd6 27. Rc8 Rd7 28. Qc3 Bb7 29. Rc4 Qd3 30. Qc1 Qxb3 31. g3 Ng4 32. Qa1 e3+ 33. Kg1 Nf6 34. Qc1 e2 35. Re1 Rxg3+ 0-1

[Event "Reunion op 20th"]
[Site "St Denis"]
[Date "2018.10.20"]
[Round "8"]
[White "Denoyelle, Arnaud"]
[Black "Leveille, Francois"]
[Result "1/2-1/2"]
[WhiteElo "2229"]
[BlackElo "2202"]
[PlyCount "181"]
[EventDate "2018.10.14"]
[EventType "swiss"]
[EventRounds "9"]
[EventCountry "RUF"]
[SourceTitle "CBM 187 Extra"]
[Source "ChessBase"]
[SourceDate "2018.11.04"]
[SourceVersion "1"]
[SourceVersionDate "2018.11.04"]
[SourceQuality "1"]

1. d4 f5 2. Bg5 h6 3. Bh4 g5 4. Bg3 Nf6 5. e3 d6 6. Nd2 Nc6 7. h4 Rg8 8. hxg5 hxg5 9. Bc4 e6 10. c3 Bd7 11. Nh3 Qe7 12. Qe2 0-0-0 13. 0-0-0 Rg7 14. f3 e5 15. dxe5 Nxe5 16. Bb3 a6 17. Nf2 Re8 18. Rde1 Bb5 19. Qd1 Qd7 20. Qc2 Kb8 21. Bxe5 dxe5 22. Rh6 Be7 23. a4 Bc6 24. Nc4 Bd8 25. Na5 Bd5 26. Rd1 c6 27. e4 fxe4 28. fxe4 Ng8 29. Rh8 Bxa5 30. exd5 Nf6 31. dxc6 Qxc6 32. Rh6 g4 33. Bd5 Qb6 34. Ne4 Qe3+ 35. Qd2 Nxd5 36. Nd6 Rf8 37. Nc4 Qxd2+ 38. Rxd2 Bd8 39. Rd6 Bg5 40. R6xd5 Rf2 41. Kc2 Bxd2 42. Rxd2 g3 43. Nxe5 Re7 44. Nd3 Ree2 45. Nxf2 gxf2 46. Rxe2 f1Q 47. Rd2 Kc7 48. b3 Qa1 49. c4 Kc6 50. Rd5 Qa2+ 51. Kc3 Qxg2 52. a5 Qe4 53. Kb4 Qe1+ 54. Ka3 Qb1 55. Kb4 Qa1 56. Rc5+ Kd6 57. Rd5+ Ke6 58. Rd8 Ke5 59. Rd5+ Ke4 60. Rd7 Qe1+ 61. Ka4 Qh1 62. Kb4 Ke3 63. Rd5 Qe1+ 64. Ka4 Qa1+ 65. Kb4 Ke2 66. Rd7 Qe1+ 67. Ka4 Qc3 68. Rd5 Ke3 69. Ka3 Ke4 70. Ka4 Qf6 71. Ka3 Qf8+ 72. Ka4 Qe7 73. Rd1 Qe8+ 74. Kb4 Qc6 75. Rd5 Qc7 76. Ka4 Qe7 77. Rd1 Qc5 78. Rd5 b5+ 79. axb6 Qxb6 80. Ka3 Qf6 81. Ka4 Qa1+ 82. Kb4 a5+ 83. Rxa5 Qe1+ 84. Kb5 Kd4 85. Ra6 Kc3 86. c5 Qe4 87. Rb6 Qd5 88. b4 Kb3 89. Ka5 Qa8+ 90. Ra6 Qd8+ 91. Rb6 1/2-1/2

[Event "Reunion op 20th"]
[Site "St Denis"]
[Date "2018.10.19"]
[Round "7"]
[White "Quere, Alexandre"]
[Black "Leveille, Francois"]
[Result "0-1"]
[WhiteElo "2087"]
[BlackElo "2202"]
[PlyCount "42"]
[EventDate "2018.10.14"]
[EventType "swiss"]
[EventRounds "9"]
[EventCountry "RUF"]
[SourceTitle "CBM 187 Extra"]
[Source "ChessBase"]
[SourceDate "2018.11.04"]
[SourceVersion "1"]
[SourceVersionDate "2018.11.04"]
[SourceQuality "1"]

1. Nf3 d5 2. d4 Nf6 3. Bf4 g6 4. e3 Bg7 5. Be2 0-0 6. 0-0 c5 7. c3 b6 8. Qa4 Bb7 9. Ne5 Nfd7 10. c4 cxd4 11. exd4 dxc4 12. Bxc4 Nxe5 13. dxe5 Nc6 14. Rd1 Qc8 15. e6 Nd4 16. exf7+ Kh8 17. Rxd4 Bxd4 18. Be6 Bxf2+ 19. Kxf2 Qxe6 20. Qd4+ Qf6 21. Qxf6+ exf6 0-1

[Event "Reunion op 20th"]
[Site "St Denis"]
[Date "2018.10.15"]
[Round "2"]
[White "Leveille, Francois"]
[Black "Ratsimikatry, Caryl Patrick"]
[Result "1-0"]
[WhiteElo "2202"]
[BlackElo "1782"]
[PlyCount "65"]
[EventDate "2018.10.14"]
[EventType "swiss"]
[EventRounds "9"]
[EventCountry "RUF"]
[SourceTitle "CBM 187 Extra"]
[Source "ChessBase"]
[SourceDate "2018.11.04"]
[SourceVersion "1"]
[SourceVersionDate "2018.11.04"]
[SourceQuality "1"]

1. Nf3 Nf6 2. c4 c5 3. Nc3 Nc6 4. g3 g6 5. d4 cxd4 6. Nxd4 Qb6 7. Nb3 Bg7 8. Bg2 0-0 9. c5 Qd8 10. 0-0 b6 11. Bf4 Bb7 12. Rc1 a6 13. Qd2 Re8 14. Rfd1 Rc8 15. Na4 b5 16. Nb6 e5 17. Nxc8 Qxc8 18. Bg5 Nb8 19. Bxf6 Bxf6 20. Bxb7 Qxb7 21. Na5 Qa8 22. Qd5 Nc6 23. Nxc6 dxc6 24. Qf3 Kg7 25. Rd6 Bg5 26. Rd7 Re7 27. Rcd1 e4 28. Qb3 a5 29. Rxe7 Bxe7 30. Qe3 Qa7 31. Qxe4 Bxc5 32. e3 Qc7 33. Rc1 1-0

[Event "Montreal Mercredi 01"]
[Site "Montreal"]
[Date "2018.01.31"]
[Round "4"]
[White "Leveille, Francois"]
[Black "Lopez Linares, Lizandro Fernando"]
[Result "0-1"]
[WhiteElo "2310"]
[BlackElo "2198"]
[PlyCount "88"]
[EventDate "2018.01.10"]
[EventType "swiss"]
[EventRounds "5"]
[EventCountry "CAN"]
[SourceTitle "EXT 2022"]
[Source "ChessBase"]
[SourceDate "2021.10.06"]
[SourceVersion "1"]
[SourceVersionDate "2021.10.06"]
[SourceQuality "1"]

1. e4 d5 2. exd5 Qxd5 3. Nc3 Qa5 4. d4 c6 5. Nf3 Nf6 6. Bc4 Bf5 7. Ne5 e6 8. g4 Bg6 9. h4 Nbd7 10. Nxd7 Nxd7 11. h5 Be4 12. 0-0 Bd5 13. Nxd5 cxd5 14. Bd3 Bd6 15. c3 0-0 16. f4 Qb6 17. Kh1 Rae8 18. Qc2 f5 19. Rg1 Qd8 20. Qh2 fxg4 21. Rxg4 Nf6 22. Rg2 Kh8 23. Be3 Re7 24. Rag1 Ne4 25. Rg4 Ref7 26. Bxe4 dxe4 27. Qg2 Rf5 28. Qxe4 Rxh5+ 29. Kg2 Qb6 30. Bc1 Qc6 31. Qxc6 bxc6 32. Re1 Rh6 33. Re4 Rhf6 34. Rg5 h6 35. Ra5 g5 36. Rxa7 gxf4 37. Kf3 Rg6 38. Re1 Rg3+ 39. Kf2 f3 40. Rxe6 Rg2+ 41. Kf1 f2 42. Rxh6+ Kg8 43. Rh1 Rg6 44. Rah7 Rg1+ 0-1

[Event "Montreal Mercredi 01"]
[Site "Montreal"]
[Date "2018.01.24"]
[Round "3"]
[White "Leveille, Francois"]
[Black "Chiku Ratte, Olivier Kenta"]
[Result "0-1"]
[WhiteElo "2310"]
[BlackElo "2487"]
[PlyCount "67"]
[EventDate "2018.01.10"]
[EventType "swiss"]
[EventRounds "5"]
[EventCountry "CAN"]
[SourceTitle "EXT 2022"]
[Source "ChessBase"]
[SourceDate "2021.10.06"]
[SourceVersion "1"]
[SourceVersionDate "2021.10.06"]
[SourceQuality "1"]

1. Nf3 Nf6 2. d4 g6 3. Bg5 Bg7 4. Nbd2 d6 5. h3 c5 6. dxc5 dxc5 7. e4 0-0 8. c3 Nc6 9. Qc2 Qc7 10. Bc4 Nh5 11. g3 Rb8 12. a4 b6 13. Kf1 Na5 14. Be2 e5 15. Kg2 h6 16. Be3 Nf4+ 17. gxf4 exf4 18. Bxc5 bxc5 19. Nc4 Nc6 20. Rad1 Be6 21. Nfd2 Qe7 22. Bg4 h5 23. Bxe6 Qxe6 24. Na3 Rfe8 25. Nb5 Be5 26. Nf3 a6 27. Nxe5 Qxe5 28. Rd5 f3+ 29. Kg1 Qf6 30. Nc7 Re5 31. Kf1 Ne7 32. Rxe5 Qxe5 33. Nxa6 Rd8 34. Ke1 0-1

[Event "Montreal Mercredi 11"]
[Site "Montreal"]
[Date "2017.11.15"]
[Round "1"]
[White "Leveille, Francois"]
[Black "Soudre, Nicolas"]
[Result "1-0"]
[WhiteElo "2275"]
[BlackElo "2237"]
[PlyCount "111"]
[EventDate "2017.11.15"]
[EventType "swiss"]
[EventRounds "5"]
[EventCountry "CAN"]
[SourceTitle "EXT 2022"]
[Source "ChessBase"]
[SourceDate "2021.10.06"]
[SourceVersion "1"]
[SourceVersionDate "2021.10.06"]
[SourceQuality "1"]

1. Nf3 e6 2. g3 b5 3. Bg2 Bb7 4. 0-0 Nf6 5. d3 d5 6. Nbd2 Be7 7. e4 0-0 8. e5 Nfd7 9. Re1 c5 10. Nf1 Nc6 11. h4 Re8 12. N1h2 Bf8 13. Bh3 Bc8 14. Bf4 f6 15. exf6 Nxf6 16. Ne5 Nxe5 17. Bxe5 Bd6 18. Qe2 Qc7 19. Bxd6 Qxd6 20. Qe5 Qxe5 21. Rxe5 Rb8 22. Rae1 Rb6 23. g4 b4 24. f4 Ra6 25. Ra1 Kf8 26. g5 Nd7 27. Re2 Ke7 28. a4 bxa3 29. Rxa3 Kd6 30. Nf3 Rxa3 31. bxa3 g6 32. Kf2 Re7 33. Kg3 Bb7 34. Ne5 Nxe5 35. fxe5+ Kd7 36. Rf2 d4 37. Rf8 Bd5 38. h5 gxh5 39. Kh4 Ba2 40. Kxh5 Bb1 41. Ra8 Bxc2 42. Rxa7+ Ke8 43. Rxe7+ Kxe7 44. Bf1 c4 45. dxc4 d3 46. Kh6 Kd7 47. Kg7 Kc6 48. Bg2+ Kc5 49. Be4 Kxc4 50. Bxh7 Kc3 51. Bxd3 Bxd3 52. Kf7 Bf5 53. g6 Kd4 54. g7 Bh7 55. Kxe6 Bg8+ 56. Kd6 1-0

[Event "Montreal op"]
[Site "Montreal"]
[Date "2017.09.10"]
[Round "4"]
[White "Leveille, Francois"]
[Black "Pace, Christopher"]
[Result "0-1"]
[WhiteElo "2222"]
[BlackElo "2092"]
[PlyCount "66"]
[EventDate "2017.09.08"]
[EventType "swiss"]
[EventRounds "5"]
[EventCountry "CAN"]
[SourceTitle "CBM 180 Extra"]
[Source "ChessBase"]
[SourceDate "2017.10.06"]
[SourceVersion "1"]
[SourceVersionDate "2017.10.06"]
[SourceQuality "1"]

1. e4 e5 2. Nf3 Nc6 3. Nc3 Nf6 4. Bb5 d6 5. d4 exd4 6. Nxd4 Bd7 7. 0-0 Be7 8. Bxc6 bxc6 9. Qf3 c5 10. Nf5 Bxf5 11. Qxf5 Qd7 12. Qxd7+ Kxd7 13. h3 Rhe8 14. Rd1 Bd8 15. f3 Rb8 16. b3 Ke6 17. Bb2 Nh5 18. Nd5 c6 19. Ne3 g6 20. Nc4 Bc7 21. Rd2 Nf4 22. h4 f6 23. Re1 Rbd8 24. g3 Nh5 25. Kg2 Kf7 26. Red1 d5 27. exd5 cxd5 28. Rxd5 Rxd5 29. Rxd5 Re2+ 30. Kh3 Bxg3 31. Rd2 Re1 32. Ba3 Rg1 33. f4 f5 0-1

[Event "Montreal op"]
[Site "Montreal"]
[Date "2017.09.09"]
[Round "2"]
[White "Leveille, Francois"]
[Black "Zhong, Kevin"]
[Result "1-0"]
[WhiteElo "2222"]
[BlackElo "1681"]
[PlyCount "79"]
[EventDate "2017.09.08"]
[EventType "swiss"]
[EventRounds "5"]
[EventCountry "CAN"]
[SourceTitle "CBM 180 Extra"]
[Source "ChessBase"]
[SourceDate "2017.10.06"]
[SourceVersion "1"]
[SourceVersionDate "2017.10.06"]
[SourceQuality "1"]

1. Nf3 d5 2. g3 c5 3. Bg2 Nc6 4. d4 e6 5. 0-0 Nf6 6. c4 dxc4 7. Ne5 Nxe5 8. dxe5 Qxd1 9. Rxd1 Nd7 10. f4 Rb8 11. a4 a6 12. Na3 Nb6 13. a5 Nd5 14. Nxc4 Nb4 15. Nb6 Be7 16. Bd2 Nc2 17. Ra4 0-0 18. Rc4 Nd4 19. Kf2 Rd8 20. Be3 Bd7 21. Nxd7 Rxd7 22. b4 Rbd8 23. bxc5 Nb3 24. Rxd7 Rxd7 25. c6 bxc6 26. Bb6 c5 27. Bc6 Rd4 28. Rc3 Rb4 29. Rd3 c4 30. Rd7 Bf8 31. Rc7 c3 32. Be8 Nd2 33. Bxf7+ Kh8 34. Bxe6 g6 35. Ke3 Nb1 36. Ba2 Rb2 37. Bxb1 Rxb1 38. Rxc3 Bb4 39. Rc7 Rb3+ 40. Ke4 1-0

[Event "Montreal op"]
[Site "Montreal"]
[Date "2017.09.08"]
[Round "1"]
[White "Malek, Omid"]
[Black "Leveille, Francois"]
[Result "1/2-1/2"]
[WhiteElo "2088"]
[BlackElo "2222"]
[PlyCount "164"]
[EventDate "2017.09.08"]
[EventType "swiss"]
[EventRounds "5"]
[EventCountry "CAN"]
[SourceTitle "CBM 180 Extra"]
[Source "ChessBase"]
[SourceDate "2017.10.06"]
[SourceVersion "1"]
[SourceVersionDate "2017.10.06"]
[SourceQuality "1"]

1. d4 Nf6 2. Bg5 Ne4 3. Bf4 d5 4. e3 c5 5. Bd3 Nf6 6. c3 Qb6 7. Qc1 Nc6 8. Nf3 Nh5 9. Bg3 g6 10. Nbd2 Bh6 11. Be5 0-0 12. h3 cxd4 13. Bxd4 Nxd4 14. cxd4 Bg7 15. Qc3 Be6 16. Qb3 Qxb3 17. Nxb3 b6 18. Rc1 Rfc8 19. 0-0 a5 20. Nbd2 Nf6 21. Ne5 Ne8 22. f4 Nd6 23. Kf2 f6 24. Nef3 Bd7 25. Rfe1 Nf7 26. Bf1 e6 27. g3 Bf8 28. Kg2 Bb4 29. a3 Bd6 30. Bd3 Kg7 31. Ng1 a4 32. Ne2 b5 33. Nb1 Rcb8 34. e4 dxe4 35. Bxe4 Ra6 36. d5 e5 37. fxe5 fxe5 38. h4 b4 39. Bd3 Rab6 40. Rf1 bxa3 41. Nxa3 Rb3 42. Bc2 R3b4 43. Nc3 Rd4 44. Rb1 Rd2+ 45. Rf2 Bh3+ 46. Kf3 Ng5+ 47. Ke3 Rxf2 48. Kxf2 Bc5+ 49. Ke2 Bg4+ 50. Kd3 Nf7 51. Nab5 Bf5+ 52. Kd2 Bb4 53. Kd1 Bg4+ 54. Kc1 Bc5 55. Ra1 a3 56. bxa3 Be3+ 57. Kb2 Nd6 58. a4 Nc4+ 59. Ka2 Bd4 60. Rb1 Rc8 61. Nxd4 exd4 62. Rb7+ Kh6 63. Nb5 Bf3 64. Rc7 Rxc7 65. Nxc7 Ne3 66. Bb3 d3 67. d6 Bc6 68. Nb5 d2 69. Nc3 Kg7 70. Nd1 Nf5 71. Kb2 Nxd6 72. Kc2 Ne4 73. g4 Kf6 74. Nc3 Nc5 75. Bg8 Nxa4 76. Nxa4 Bxa4+ 77. Kxd2 h6 78. Bc4 Ke5 79. Ke3 Bd1 80. g5 hxg5 81. hxg5 Kf5 82. Bf7 Kxg5 1/2-1/2

[Event "Montreal Mercredi 08"]
[Site "Montreal"]
[Date "2017.08.30"]
[Round "1"]
[White "Leveille, Francois"]
[Black "Zheng, Richard"]
[Result "1-0"]
[WhiteElo "2307"]
[BlackElo "2053"]
[PlyCount "147"]
[EventDate "2017.08.30"]
[EventType "swiss"]
[EventRounds "5"]
[EventCountry "CAN"]
[SourceTitle "EXT 2022"]
[Source "ChessBase"]
[SourceDate "2021.10.06"]
[SourceVersion "1"]
[SourceVersionDate "2021.10.06"]
[SourceQuality "1"]

1. Nf3 d5 2. g3 Nf6 3. Bg2 e6 4. 0-0 c5 5. d4 Nc6 6. c4 Be7 7. cxd5 exd5 8. Nc3 h6 9. dxc5 Bxc5 10. Na4 Bd6 11. Be3 0-0 12. Rc1 Qe7 13. Bc5 Bxc5 14. Nxc5 b6 15. Nb3 Bb7 16. Nbd4 Nxd4 17. Nxd4 g6 18. Qa4 Ne4 19. Rfd1 Nc5 20. Qa3 a5 21. e3 Qf6 22. Nb5 Rac8 23. Qc3 Ne4 24. Qxf6 Nxf6 25. Nd6 Rxc1 26. Rxc1 Ba8 27. Nc8 b5 28. Rc5 Rd8 29. Nb6 Kg7 30. Nxa8 Rxa8 31. Rxb5 a4 32. Bxd5 Nxd5 33. Rxd5 a3 34. bxa3 Rxa3 35. Rd2 Kf6 36. h4 Ke5 37. Kf1 f5 38. Ke1 Ke4 39. Kd1 Ra8 40. Ke2 Ra3 41. f4 Rxe3+ 42. Kf2 Rf3+ 43. Kg2 Ra3 44. Re2+ Kd5 45. h5 gxh5 46. Kh3 Kd6 47. Kh4 Rf3 48. Rg2 Ke6 49. Rb2 Rf1 50. Rb6+ Kf7 51. Rxh6 Rh1+ 52. Kg5 Rh3 53. Kxf5 Rxg3 54. Rh7+ Ke8 55. Kf6 Ra3 56. Rh8+ Kd7 57. f5 Rxa2 58. Rxh5 Re2 59. Rh7+ Ke8 60. Ra7 Re1 61. Ra8+ Kd7 62. Ra6 Rf1 63. Re6 Rf2 64. Re1 Rf3 65. Kg6 Rg3+ 66. Kf7 Rf3 67. f6 Rf2 68. Kg7 Rg2+ 69. Kf8 Rf2 70. f7 Rf3 71. Rd1+ Kc6 72. Rg1 Kd7 73. Kg7 Ke7 74. Re1+ 1-0

[Event "Montreal Mont Royal op"]
[Site "Montreal"]
[Date "2017.07.25"]
[Round "4"]
[White "Leveille, Francois"]
[Black "Huang, Qiuyu"]
[Result "1/2-1/2"]
[WhiteElo "2229"]
[BlackElo "2083"]
[PlyCount "37"]
[EventDate "2017.07.22"]
[EventType "swiss"]
[EventRounds "9"]
[EventCountry "CAN"]
[SourceTitle "CBM 179 Extra"]
[Source "ChessBase"]
[SourceDate "2017.08.23"]
[SourceVersion "1"]
[SourceVersionDate "2017.08.23"]
[SourceQuality "1"]

1. Nf3 d5 2. g3 Nf6 3. Bg2 e6 4. 0-0 Be7 5. c4 0-0 6. d4 c6 7. Qc2 b6 8. b3 Nbd7 9. Bb2 a5 10. Nbd2 Bb7 11. Rfd1 a4 12. bxa4 Ra5 13. Bc3 Ra7 14. Rab1 c5 15. a5 bxa5 16. Ne5 Ba8 17. Qa4 Qc7 18. Nxd7 Nxd7 19. Rdc1 1/2-1/2

[Event "Montreal Mont Royal op"]
[Site "Montreal"]
[Date "2017.07.24"]
[Round "3"]
[White "Sambuev, Bator"]
[Black "Leveille, Francois"]
[Result "1-0"]
[WhiteElo "2513"]
[BlackElo "2229"]
[PlyCount "59"]
[EventDate "2017.07.22"]
[EventType "swiss"]
[EventRounds "9"]
[EventCountry "CAN"]
[SourceTitle "CBM 179 Extra"]
[Source "ChessBase"]
[SourceDate "2017.08.23"]
[SourceVersion "1"]
[SourceVersionDate "2017.08.23"]
[SourceQuality "1"]

1. Nf3 g6 2. c4 Bg7 3. Nc3 Nf6 4. e4 d6 5. d4 0-0 6. Be2 e5 7. 0-0 Nc6 8. d5 Ne7 9. Ne1 Nd7 10. Be3 f5 11. f3 f4 12. Bf2 g5 13. Rc1 Ng6 14. c5 Nxc5 15. b4 Na6 16. Nd3 Rf7 17. Nb5 Bd7 18. a4 Qb8 19. Na3 c6 20. dxc6 bxc6 21. b5 cxb5 22. axb5 Nc7 23. Nb4 Bf8 24. Bc4 Be6 25. Na6 Qb7 26. Nxc7 Bxc4 27. Rxc4 d5 28. Qxd5 Qxd5 29. exd5 Rb8 30. b6 1-0

[Event "Montreal CC-ch"]
[Site "Montreal"]
[Date "2017.06.09"]
[Round "1.3"]
[White "Neron, Raynald"]
[Black "Leveille, Francois"]
[Result "0-1"]
[WhiteElo "1543"]
[BlackElo "2310"]
[PlyCount "68"]
[EventDate "2017.06.09"]
[EventType "swiss"]
[EventRounds "5"]
[EventCountry "CAN"]
[SourceTitle "EXT 2022"]
[Source "ChessBase"]
[SourceDate "2021.10.06"]
[SourceVersion "1"]
[SourceVersionDate "2021.10.06"]
[SourceQuality "1"]

1. e4 c5 2. Nf3 Nc6 3. d4 cxd4 4. Nxd4 e5 5. Nb5 d6 6. N1c3 a6 7. Na3 Be7 8. Be2 Nf6 9. Nc4 b5 10. Nd2 0-0 11. 0-0 Be6 12. Re1 Nd4 13. Bd3 Bg4 14. Ne2 d5 15. c3 Ne6 16. exd5 Qxd5 17. Qc2 Nc5 18. Bf5 Bxf5 19. Qxf5 Nd3 20. c4 bxc4 21. Nc3 Qd4 22. Re3 Rad8 23. Nf3 Qg4 24. Qg5 Bc5 25. Re4 Qxg5 26. Bxg5 Nxe4 27. Nxe4 f6 28. Nxc5 Nxc5 29. Be3 Nd3 30. Rb1 Rb8 31. b4 Rxb4 32. Rxb4 Nxb4 33. Nd2 c3 34. Nb3 Nxa2 0-1

[Event "Montreal Mercredi 05"]
[Site "Montreal"]
[Date "2017.06.07"]
[Round "5"]
[White "Rodrigue Lemieux, Shawn"]
[Black "Leveille, Francois"]
[Result "1/2-1/2"]
[WhiteElo "2269"]
[BlackElo "2305"]
[PlyCount "80"]
[EventDate "2017.05.10"]
[EventType "swiss"]
[EventRounds "5"]
[EventCountry "CAN"]
[SourceTitle "EXT 2022"]
[Source "ChessBase"]
[SourceDate "2021.10.06"]
[SourceVersion "1"]
[SourceVersionDate "2021.10.06"]
[SourceQuality "1"]

1. e4 c5 2. b3 Nf6 3. Nc3 Nc6 4. Bb2 e6 5. Nf3 d6 6. Be2 Be7 7. 0-0 0-0 8. d4 cxd4 9. Nxd4 a6 10. a4 Bd7 11. Kh1 Qc7 12. f4 Rad8 13. Nxc6 Bxc6 14. Bd3 b5 15. axb5 axb5 16. Qe2 b4 17. Nb5 Bxb5 18. Bxb5 d5 19. e5 Ne4 20. Bd3 Nc3 21. Bxc3 Qxc3 22. g4 Ra8 23. Rae1 g6 24. f5 Bh4 25. Rd1 Rfe8 26. fxg6 fxg6 27. g5 Bxg5 28. Qg4 Qxe5 29. Rde1 Be3 30. Bxg6 hxg6 31. Qxg6+ Qg7 32. Qxg7+ Kxg7 33. Rxe3 Ra7 34. Rf4 Rf7 35. Rg3+ Kf8 36. Rgf3 Rxf4 37. Rxf4+ Ke7 38. Rxb4 Rc8 39. c4 d4 40. Kg2 Kd6 1/2-1/2

[Event "Montreal Mercredi 05"]
[Site "Montreal"]
[Date "2017.05.19"]
[Round "2"]
[White "Chiku Ratte, Olivier Kenta"]
[Black "Leveille, Francois"]
[Result "1-0"]
[WhiteElo "2443"]
[BlackElo "2305"]
[PlyCount "89"]
[EventDate "2017.05.10"]
[EventType "swiss"]
[EventRounds "5"]
[EventCountry "CAN"]
[SourceTitle "EXT 2022"]
[Source "ChessBase"]
[SourceDate "2021.10.06"]
[SourceVersion "1"]
[SourceVersionDate "2021.10.06"]
[SourceQuality "1"]

1. d4 Nf6 2. c4 c5 3. d5 b5 4. Qc2 b4 5. e4 d6 6. f4 g6 7. Nf3 Bg7 8. Bd3 0-0 9. 0-0 e6 10. e5 dxe5 11. fxe5 Ng4 12. dxe6 Bxe6 13. Be4 Nd7 14. Bxa8 Qxa8 15. Bf4 Ngxe5 16. Nxe5 Nxe5 17. Bxe5 Bxe5 18. Nd2 Qb8 19. Nf3 Bf4 20. Rfe1 Bf5 21. Qf2 Qc7 22. Rad1 Rc8 23. b3 a5 24. g3 Bh6 25. Ne5 Bg7 26. Qf4 a4 27. bxa4 Be6 28. h4 Ra8 29. a5 Qxa5 30. Rd2 Qc7 31. Kh2 h5 32. Qg5 Bxe5 33. Rxe5 Kg7 34. Rxc5 Qb7 35. Qe5+ Kh7 36. Rc7 Qb6 37. c5 Qa5 38. Rf2 Kg8 39. Qf4 Bxa2 40. c6 Be6 41. Rxf7 Bxf7 42. Qxf7+ Kh8 43. Qf6+ Kh7 44. Qe7+ Kh8 45. Rf7 1-0

[Event "Montreal Vendredi 02"]
[Site "Montreal"]
[Date "2017.02.24"]
[Round "2"]
[White "Leveille, Francois"]
[Black "Chiku Ratte, Olivier Kenta"]
[Result "0-1"]
[WhiteElo "2330"]
[BlackElo "2467"]
[PlyCount "64"]
[EventDate "2017.02.15"]
[EventType "tourn"]
[EventRounds "3"]
[EventCountry "CAN"]
[SourceTitle "EXT 2022"]
[Source "ChessBase"]
[SourceDate "2021.10.06"]
[SourceVersion "1"]
[SourceVersionDate "2021.10.06"]
[SourceQuality "1"]

1. e4 c5 2. Nf3 d6 3. d4 Nf6 4. Nc3 cxd4 5. Nxd4 g6 6. Be3 Bg7 7. f3 a6 8. Qd2 Nbd7 9. Bc4 b5 10. Bb3 Bb7 11. Bh6 Bxh6 12. Qxh6 b4 13. Qg7 Rf8 14. Nd5 Nxd5 15. exd5 Nb6 16. 0-0-0 Qc7 17. Rhe1 0-0-0 18. Qxh7 Nxd5 19. Qh3+ Kb8 20. Nc6+ Bxc6 21. Bxd5 Bxd5 22. Rxd5 Qc4 23. Rd2 Qxa2 24. Kd1 Qb1+ 25. Ke2 Qxb2 26. Qg4 Qc3 27. Rb1 a5 28. Rb3 Qe5+ 29. Re3 Qb5+ 30. Kf2 Qc5 31. c3 f5 32. cxb4 Qxe3+ 0-1

[Event "Montreal CMA Futurity ABCD"]
[Site "Montreal"]
[Date "2017.02.10"]
[Round "1"]
[White "Leveille, Francois"]
[Black "Masse, Hugues"]
[Result "1-0"]
[WhiteElo "2279"]
[BlackElo "2179"]
[PlyCount "79"]
[EventDate "2017.02.10"]
[EventType "swiss"]
[EventRounds "5"]
[EventCountry "CAN"]
[SourceTitle "EXT 2022"]
[Source "ChessBase"]
[SourceDate "2021.10.06"]
[SourceVersion "1"]
[SourceVersionDate "2021.10.06"]
[SourceQuality "1"]

1. e4 e5 2. Nf3 Nc6 3. Nc3 Nf6 4. d4 exd4 5. Nxd4 Bb4 6. Nxc6 bxc6 7. Bd3 d5 8. exd5 cxd5 9. Bb5+ Bd7 10. Qe2+ Qe7 11. Bxd7+ Nxd7 12. Qxe7+ Kxe7 13. Bd2 Nb6 14. 0-0-0 c6 15. a3 Bd6 16. Ne2 Rhe8 17. Bc3 f6 18. Nd4 Kd7 19. g3 Na4 20. Rd3 Rab8 21. Rhd1 Be5 22. b3 Nc5 23. Re3 Ne4 24. Be1 Bd6 25. b4 Bf8 26. c4 Nd6 27. cxd5 cxd5 28. Nc2 Rxe3 29. Nxe3 Rc8+ 30. Kb2 Ke6 31. Nxd5 g6 32. Kb3 f5 33. f3 Bg7 34. Bf2 Nb5 35. Bc5 a6 36. a4 Nc7 37. Nxc7+ Rxc7 38. Rd6+ Ke5 39. Rxa6 Rd7 40. Ra7 1-0

[Event "Montreal Vendredi 01"]
[Site "Montreal"]
[Date "2017.01.13"]
[Round "1"]
[White "Yu, Zong Yang"]
[Black "Leveille, Francois"]
[Result "1-0"]
[WhiteElo "2487"]
[BlackElo "2334"]
[PlyCount "59"]
[EventDate "2017.01.13"]
[EventType "tourn"]
[EventRounds "3"]
[EventCountry "CAN"]
[SourceTitle "EXT 2022"]
[Source "ChessBase"]
[SourceDate "2021.10.06"]
[SourceVersion "1"]
[SourceVersionDate "2021.10.06"]
[SourceQuality "1"]

1. b3 e5 2. Bb2 d6 3. e3 Nf6 4. c4 Be7 5. d4 exd4 6. exd4 d5 7. Nf3 0-0 8. Be2 Nc6 9. 0-0 Bf5 10. Nc3 Nb4 11. a3 Na6 12. cxd5 Nxd5 13. Nxd5 Qxd5 14. Ne5 Rad8 15. Bc4 Qe4 16. Re1 Qc2 17. Qxc2 Bxc2 18. Rac1 Bf5 19. Nxf7 Rxf7 20. Rxe7 Bg6 21. Bxf7+ Bxf7 22. b4 Kf8 23. Rce1 Rc8 24. b5 Nb8 25. d5 a6 26. b6 cxb6 27. Rxb7 Bxd5 28. Rxg7 Rc2 29. Ba1 Ra2 30. Rc7 1-0